Most Average Sized Countries - Statistics

General Stats
  • This quiz has been taken 3,526 times
  • The average score is 13 of 21
Answer Stats
Size(km²) Continent Country % Correct
176,215 South America Uruguay
94%
163,820 South America Suriname
90%
108,889 North America Guatemala
78%
112,492 North America Honduras
77%
130,373 North America Nicaragua
77%
109,884 North America Cuba
75%
92,226 Europe Portugal
66%
131,957 Europe Greece
65%
100,210 Asia South Korea
65%
93,028 Europe Hungary
64%
147,516 Asia Nepal
64%
120,540 Asia North Korea
64%
111,002 Europe Bulgaria
62%
114,763 Africa Benin
50%
125,000 Africa Eritrea
50%
118,484 Africa Malawi
49%
163,610 Africa Tunisia
49%
148,460 Asia Bangladesh
48%
111,369 Africa Liberia
47%
143,100 Asia Tajikistan
46%
103,000 Europe Iceland
45%
No matching quizzes found
Score Distribution
Percent of People with Each Score
Percentile by Number Answered
Your Score History
You have not taken this quiz